| 000 | 01687cad a22002175a 4500 | ||
|---|---|---|---|
| 001 | L140928 | ||
| 008 | 070413s2007 xxk f 000 0 eng d | ||
| 035 | _a(Sirsi) u140928 | ||
| 041 | 0 | _aeng | |
| 110 | 2 |
_aKing Sturge _93877 |
|
| 245 | 0 | 0 |
_aUK industrial and distribution floorspace today _bSeptember 2007 _h[electronic resource] |
| 260 |
_aLondon _bKing Sturge _c2007 |
||
| 490 | 0 |
_aUK Industrial and Distribution Floorspace Today _vSeptember 2007 |
|
| 520 | _aReports the total level of available industrial floor space across Great Britain to have increased to 21.241 million square metres at June 2007, with the highest increases in central England. This represents a rise of 4.5% (910,000 square metres ) since December 2006. Availability in new buildings increased 14.6% since December 2006. At June 2007, it was 2.604 million square metres across Great Britain. This means that new floor space accounted for 12.3% of total availability at June 2007. Available floor space in large units (of 10,000 square metres and over) was also up, with a rise of 6.2% (340,000 square metres ) to 5.852 million square metres . Speculative development under construction across Great Britain has also increased since the last survey in March 2007, to 1,445,096 square metres across 131 schemes. This represents an 18% increase in floor space under development in July 2007 compared with six months earlier. | ||
| 590 | _aKA | ||
| 651 | 4 |
_aUnited Kingdom _y |
|
| 690 | _aPROPERTY-COMMERCIAL PROPERTY-COMMERCIAL PROPERTY MARKET | ||
| 690 | _aPROPERTY-INDUSTRIAL PROPERTY | ||
| 856 | 4 | 0 |
_uhttps://www.kingsturge.co.uk/ _zView the item free of charge at www.kingsturge.co.uk... |
| 942 | _n0 | ||
| 999 |
_c107577 _d107577 |
||